00331nam a2200121 a 45000010005000000030005000050050017000100080041000270400020000681000026000882450075001142600020001891802CDMR20130312183427.0130130s1974||||||||||||||||||||||||||||d aCDMRbcatcCDMR1 aElias Geytron, Maryse10aL'Express y Mundob: tres meses de internacionalcMaryse Elias Geytron aBarcelonac1974